| 000 | 01232nam a2200349 i 4500 | ||
|---|---|---|---|
| 001 | 25599 | ||
| 003 | KOSZ 005 | ||
| 005 | 20210722092204.0 | ||
| 008 | 001010s1970 pl f |000 0 pol d | ||
| 040 |
_cKOSZ 005 _aKOSZ 005 _dKOSZ 005/HR |
||
| 041 | _apol | ||
| 046 | _k1970 | ||
| 080 | _a02 | ||
| 245 | 0 | 0 |
_aStudia o książce : _bogólnopolski organ szkół wyższych. _n1 / _c[redakcja Halina Chamerska et al.]. |
| 260 |
_aWrocław : _bZakład Narodowy im. Ossolińskich, _c1970. |
||
| 300 |
_a231, [4] strony, 12 s. tablic : _bilustracje ; _c24 cm |
||
| 336 |
_2rdacontent _aTekst _btxt |
||
| 337 |
_2rdamedia _aBez urządzenia posredniczącego _bn |
||
| 338 |
_2rdacarrier _aWolumin _bnc |
||
| 380 | _aArtykuły | ||
| 380 | _aPublikacje naukowe | ||
| 388 | _a1901-2000 | ||
| 388 | _a1945-1989 | ||
| 504 | _aBibliografia przy artykułach. | ||
| 658 | _aBibliotekarstwo, archiwistyka, muzealnictwo | ||
| 650 | 4 | _aBibliotekarstwo | |
| 650 | 4 | _aBibliologia | |
| 700 | 1 |
_aChamerska Halina _d(1922-2008). _eRedakcja |
|
| 710 | 2 | _aWydawnictwo Ossolineum | |
| 856 |
_uhttp://koha.tu.koszalin.pl/cgi-bin/koha/opac-detail.pl?biblionumber=25599 _yKatalog online BPK |
||
| 942 |
_cKS _2UKD |
||
| 999 |
_c25599 _d25599 |
||